Jedes Land in seiner Amts-/Muttersprache - Statistiken

Allgemein
  • Dieses Quiz wurde 51 mal gespielt
  • Das Durchschnittsergebnis liegt bei 131 aus 196
Antwortstatistiken
Native Country Country % Korrekt
Africa Kenya Kenia
100%
Africa Lesotho Lesotho
100%
Africa Madagasikara Madagaskar
100%
Africa Angola Angola
97%
Africa Bénin Benin
97%
Africa Botswana Botswana
97%
Africa Burkina Faso Burkina Faso
97%
Africa Burundi Burundi
97%
Africa Gambia Gambia
97%
Africa Ghana Ghana
97%
Africa Guinée Guinea
97%
Africa Guiné-Bissau Guinea-Bissau
97%
Africa Cameroun Kamerun
97%
Africa Liberia Liberia
97%
Africa Malawi Malawi
97%
Africa Mali Mali
97%
Africa Cabo Verde Kap Verde
95%
Africa Moçambique Mosambik
95%
Africa Namibia Namibia
95%
Africa Niger Niger
95%
Africa Nigeria Nigeria
95%
Africa Sénégal Senegal
95%
Africa Soomaaliya Somalia
95%
Africa South Africa Südafrika
95%
Africa South Sudan Südsudan
95%
Africa Tanzania Tansania
95%
Africa Tchad Tschad
95%
Africa République démocratique du Congo Demokratische Republik Kongo
92%
Africa Ertra Eritrea
92%
Africa République du Congo Republik Kongo
92%
Africa Togo Togo
92%
Africa Uganda Uganda
92%
Africa eSwatini Eswatini
89%
Africa Zambia Sambia
89%
Africa Sierra Leone Sierra Leone
89%
Africa Zimbabwe Simbabwe
89%
Africa République Centrafricaine Zentralafrikanische Republik
89%
Africa Guinea Ecuatorial Äquatorial-Guinea
86%
Africa République gabonaise Gabun
86%
Africa Rwanda Ruanda
86%
Africa São Tomé e Príncipe São Tomé und Príncipe
86%
Asia Brunei Brunei
81%
Africa Côte d'Ivoire Elfenbeinküste
81%
Asia Indonesia Indonesien
81%
Asia Қазақстан Kasachstan
81%
Asia Malaysia Malaysia
81%
Asia Singapore Singapur
81%
Asia Türkiye Türkei
81%
Asia Turkmenistan Turkmenistan
81%
Asia Việt Nam Vietnam
81%
South America Argentina Argentinien
78%
Asia Azərbaycan Aserbaidschan
78%
South America Bolivia Bolivien
78%
South America Brasil Brasilien
78%
South America Chile Chile
78%
South America Guyana Guyana
78%
South America Colombia Kolumbien
78%
South America Paraguay Paraguay
78%
South America Perú Peru
78%
Asia Pilipinas Philippinen
78%
South America Suriname Suriname
78%
South America Uruguay Uruguay
78%
South America Venezuela Venezuela
78%
Oceania Australia Australien
76%
South America Ecuador Ecuador
76%
Asia Timor-Leste Osttimor
76%
Oceania Sāmoa Samoa
76%
Oceania Tonga Tonga
76%
Europe Andorra Andorra
73%
Europe België Belgien
73%
Europe Bosna i Hercegovina Bosnien und Herzegowina
73%
Europe Danmark Dänemark
73%
Europe Deutschland Deutschland
73%
Europe France Frankreich
73%
Europe Ísland Island
73%
Oceania Kiribati Kiribati
73%
Europe España Spanien
73%
Europe Česko Tschechien
73%
Oceania Tuvalu Tuvalu
73%
North America Antigua and Barbuda Antigua und Barbuda
70%
North America Bahamas Bahamas
70%
North America Barbados Barbados
70%
North America Belize Belize
70%
North America Costa Rica Costa Rica
70%
Africa Jabuuti Dschibuti
70%
Europe Eesti Estland
70%
Oceania Federated States of Micronesia Föderierte Staaten von Mikronesien
70%
North America Guatemala Guatemala
70%
North America Honduras Honduras
70%
Europe Italia Italien
70%
North America Jamaica Jamaika
70%
North America Canada Kanada
70%
Europe Kosova Kosovo
70%
North America Cuba Kuba
70%
Europe Liechtenstein Liechtenstein
70%
Europe Lietuva Litauen
70%
Europe Lëtzebuerg Luxemburg
70%
Europe Malta Malta
70%
North America México Mexiko
70%
Europe Moldova Moldawien
70%
Europe Monaca Monaco
70%
Oceania Naoero Nauru
70%
North America Nicaragua Nicaragua
70%
Europe Norge Norwegen
70%
Europe Österreich Österreich
70%
North America Panamá Panama
70%
Europe Polska Polen
70%
Europe Portugal Portugal
70%
Europe România Rumänien
70%
Europe San Marino San Marino
70%
Europe Schweiz Schweiz
70%
Europe Slovensko Slowakei
70%
Europe Slovenija Slowenien
70%
North America Saint Kitts and Nevis St. Kitts und Nevis
70%
North America Saint Lucia St. Lucia
70%
North America Saint Vincent and the Grenadines St. Vincent und die Grenadinen
70%
North America Trinidad and Tobago Trinidad und Tobago
70%
Oceania Vanuatu Vanuatu
70%
Europe Città del Vaticano Vatikanstadt
70%
Europe United Kingdom Vereinigtes Königreich
70%
North America República Dominicana Dominikanische Republik
68%
North America El Salvador El Salvador
68%
North America Grenada Grenada
68%
Asia Кыргызстан Kirgisistan
68%
Europe Latvija Lettland
68%
Europe Nederland Niederlande
68%
Oceania Papua New Guinea Papua-Neuguinea
68%
Europe Sverige Schweden
68%
North America United States Vereinigte Staaten
68%
North America Dominica Dominica
65%
Asia 日本 Japan
65%
Oceania Solomon Islands Salomonen
65%
Asia 中国 China
62%
Europe Éire Irland
62%
Europe Hrvatska Kroatien
62%
Europe Россия Russland
62%
Europe Беларусь Belarus
59%
Europe Ελλάς Griechenland
59%
Asia Тоҷикистон Tadschikistan
59%
Europe Suomi Finnland
57%
Europe Северна Македонија Nordmazedonien
57%
Oceania Belau Palau
57%
Asia 대한민국 Südkorea
57%
Europe Magyarország Ungarn
57%
Asia Ўзбекистон Usbekistan
54%
Africa مصر Ägypten
51%
Oceania Viti Fidschi
51%
Africa ليبيا Libyen
51%
Asia Монгол Улс Mongolei
51%
Oceania Aotearoa Neuseeland
51%
Asia 조선인민주의 공화국 Nordkorea
51%
Europe Україна Ukraine
51%
Europe Shqipëria Albanien
49%
Europe Србија Serbien
49%
North America Ayiti Haiti
46%
Africa Moris Mauritius
46%
Africa تونس Tunesien
46%
Europe България Bulgarien
43%
Asia المملكة العربية السعودية Saudi-Arabien
43%
Asia سورية Syrien
43%
Asia الإمارات العربيّة المتّحدة Vereinigte Arabische Emirate
43%
Asia اليمن Jemen
41%
Asia قطر Katar
41%
Africa المغرب Marokko
41%
Oceania Aorōkin M̧ajeļ Marshallinseln
41%
Europe Црна Гора Montenegro
41%
Africa السودان Sudan
41%
Asia 臺灣 Taiwan
41%
Asia เมืองไทย Thailand
41%
Asia افغانستان Afghanistan
38%
Asia البحرين Bahrain
38%
Asia العراق Irak
38%
Asia ایران Iran
38%
Asia عُمان Oman
38%
Africa ኢትዮጵያ Äthiopien
35%
Asia الأردن Jordanien
35%
Asia Κύπρος Zypern
35%
Asia საქართველო Georgien
32%
Asia ישראל Israel
32%
Asia دولة الكويت Kuwait
32%
Asia لبنان Libanon
32%
Asia پاکستان Pakistan
32%
Africa Sesel Seychellen
32%
Asia Հայաստան Armenien
30%
Africa موريتانيا Mauretanien
30%
Africa Dzayer Algerien
27%
Asia ભારત Indien
27%
Africa جزر القمر Komoren
27%
Asia မြန်မာ Myanmar
27%
Asia বাংলাদেশ Bangladesch
24%
Asia កម្ពុជា Kambodscha
24%
Asia འབྲུག་ཡུལ Bhutan
22%
Asia ປະເທດລາວ Laos
22%
Asia नेपाल Nepal
19%
Asia ދިވެހިރާއްޖެ Malediven
16%
Asia ශ්‍රී ලංකාව Sri Lanka
14%
Keine übereinstimmenden Quizze gefunden
Verteilung der Resultate
Anzahl Personen mit jedem Resultat
Perzentil nach korrekt beantworteten Fragen
Ihre Resultats-Entwicklung
Sie haben dieses Quiz noch nicht gespielt